Statistiques concernant Devinez le Département Mystère #57

Cliquez ici pour prendre le quiz!

Statistiques générales

  • Ce quiz a été pris 113 fois
  • Le résultat moyen est 26 sur 37

Statistiques - réponses

Type de RéponseRéponse% Correct
Lettre de l'AlphabetR
100%
Lettre TrouvéeA
99%
Lettre TrouvéeE
99%
Lettre de l'AlphabetS
99%
Lettre de l'AlphabetN
98%
Lettre TrouvéeO
98%
Lettre de l'AlphabetI
95%
Lettre TrouvéeD
94%
Lettre de l'AlphabetH
92%
Lettre TrouvéeL
92%
Lettre TrouvéeU
92%
Lettre de l'AlphabetT
91%
Lettre de l'AlphabetC
89%
Lettre de l'AlphabetV
84%
Lettre de l'AlphabetM
83%
Lettre de l'AlphabetB
80%
Lettre TrouvéeG
80%
Lettre TrouvéeP
72%
Lettre de l'AlphabetF
70%
Lettre de l'AlphabetY
63%
Lettre de l'AlphabetZ
59%
Lettre de l'AlphabetQ
58%
Lettre de l'AlphabetJ
57%
Lettre de l'AlphabetX
53%
Lettre Bien PlacéeE
51%
Lettre Bien PlacéeA
50%
Lettre Bien PlacéeD
50%
Lettre Bien PlacéeE
50%
Lettre Bien PlacéeG
50%
Département MystèreGuadeloupe
50%
Lettre de l'AlphabetK
50%
Lettre Bien PlacéeL
50%
Lettre Bien PlacéeO
50%
Lettre Bien PlacéeP
50%
Lettre Bien PlacéeU
50%
Lettre Bien PlacéeU
50%
Lettre de l'AlphabetW
50%

Distribution des résultats

Percentile par nombre de réponses

% des personnes avec chaque résultat

Votre développement - résultats

Vous n’avez pas pris ce quiz